01058nam a2200241Ia 450000100060000000300090000600800410001504000130005604000130006904100130008210000180009510000290011324500260014224500260016825000110019426000110020526000130021626000490022930000570027850004090033565000410074465000310078599221IT-RoPAU130308s9999 xx 000 0 und d aIT-RoPAU cIT-RoPAU aITALIANO aColombo Furio gCodice Aut. SPICS: 7899 aScene da una vittoria bScene da una Vittoria a1a ed. aMILANO bLeonardo c1991 [1° Ed.:1991 - Ed.Ling.Originale:1991] a"280 p. (prefazione: no ; testo: 280 [pagine: 0-0])" aGuerra del Golfo. Febbre Disagio e Pena di Quei Giorni. Riflessione Appassionata Sulla Crisi del Golfo in Tempo Reale. Memoria del Golfo. Attese profezie Ammonizioni. immagini di Saddam Hussein. Guerra Chiesa Ebrei. giorni della Guerra Americana. impero dei Media Invade Il Deserto. Dilemma dell'Onu. ci Sono tre Pacifismi. Guerra di Cielo e di Terra. Guerra Giusta? posizione del Papa. dramma D'Israele. aPOLITICA DELLA COMUNICAZIONE SOCIALE eCodice materia Spics: 3803